Missing Word: Scandinavian Actors and Actresses Quiz Stats

Quiz Updated Nov 14, 2017

Challenge
Share
Tweet
Embed
Score 0/24 Timer 04:00
0 Plays Today
Actor Missing Word % Correct
Nikolaj Coster-WaldauBlack
98.2%
Stellan SkarsgårdWill
96.5%
Mads MikkelsenCasino
93.7%
Stellan SkarsgårdDemons
92.8%
Stellan SkarsgårdMamma
92.6%
Malin AkermanWhite
81.6%
Stellan SkarsgårdUltron
65.8%
Alexander SkarsgårdDiary
63.6%
Alexander SkarsgårdDogs
55%
Nikolaj Coster-WaldauOther
51%
Malin AkermanDresses
47.1%
Kristofer HivjuFate
43.4%
Actor Missing Word % Correct
Mads MikkelsenStrange
39.4%
Kristofer HivjuForce
36.7%
Malin AkermanCouples
35.6%
Kristofer HivjuKing
26.6%
Alexander SkarsgårdTarzan
25.7%
Mads MikkelsenRising
25.4%
Nikolaj Coster-WaldauGods
23.8%
Kristofer HivjuEarth
18%
Malin AkermanHeartbreak
16.8%
Mads MikkelsenRoyal
10.7%
Alexander SkarsgårdEveryone
6.2%
Nikolaj Coster-WaldauShot
5.7%

Today's Daily Dose

Missing Word
Ubisoft Games

Word Ladder
Physics Phun

Quick Pick
Me an EGOT II

On This Day
May 27th II

You're not logged in!

Compare scores with friends on all Sporcle quizzes.
Join for Free
OR
Log In

You Might Also Like...

Show Comments

Extras

Top Quizzes Today


Score Distribution

Your Account Isn't Verified!

In order to create a playlist on Sporcle, you need to verify the email address you used during registration. Go to your Sporcle Settings to finish the process.

Report this User

Report this user for behavior that violates our Community Guidelines.

Details: